| 000 | 00685nam a2200205 i 4500 | ||
|---|---|---|---|
| 001 | 30615 | ||
| 003 | ES-MaACL | ||
| 005 | 20250712081850.0 | ||
| 007 | t| | ||
| 008 | 030127s1958 sp ||||1| spa d | ||
| 100 | 1 |
_aBeltrán de Heredia y Onís, Pablo. _9138887 |
|
| 245 | 1 | 3 |
_aLa obligación legal de alimentos entre parientes / _cPablo Beltrán de Heredia de Onís. |
| 260 |
_aSalamanca : _bUniversidad de Salamanca, _c1958. |
||
| 300 |
_a62 p. ; _c25 cm. |
||
| 490 | 1 |
_aActa Salmanticensia. Derecho ; _v3 |
|
| 710 | 2 |
_aUniversidad de Salamanca. _97275 |
|
| 830 | 0 | 0 |
_aActa Salmanticensia _v3 _9181394 |
| 852 | 4 |
_aES-MaACL _jC-18449 _bR.46528 |
|
| 999 |
_c30615 _d30615 |
||